Toruń - quiz wielokrotnego wyboru - Statystyki

Ogólne statystyki
  • Ten quiz został rozwiązany 765 razy
  • Średni wynik to 7 z 10
Statystyki odpowiedzi
Zagadnienie Odpowiedź % Poprawnych
Jakie wypieki najbardziej kojarzą się z Toruniem? Pierniki
98%
Jakie miasto jest największym "rywalem" Torunia? Bydgoszcz
95%
Jak nazywa się miejscowość uzdrowiskowa położona zaledwie kilkanaście kilometrów od Torunia? Ciechocinek
90%
Czym był I pokój toruński? Traktat pokojowy między Polakami a Krzyżakami
79%
Mikołaj Kopernik jest bez wątpienia najbardziej znanym mieszkańcem Torunia, jednak najwięcej tytułów otrzymał gdzieś indziej. Gdzie? W Warmii
65%
Z jakim miastem partnerskim Toruń rozwiązał umowę po ataku Rosji na Ukrainę w 2022? Z Królewcem
56%
Który z podanych zabytków NIE znajduje się w Toruniu?
53%
W średniowieczu, niektóre miasta (także Toruń) należały do tzw. Hanzy. Które z poniższych nigdy nie wchodziło w jej skład? Drezno
46%
Czym był tumult toruński? Krwawy spór między odłamami chrześcijaństwa
43%
Z którym z poniższych klubów Elana Toruń NIE ma dobrych relacji? Cracovia
41%
Nie znaleziono quizów pasujących do podanych kryteriów
Rozkład punktacji
Procent ludzi z każdym wynikiem
Percentyl według liczby udzielonych odpowiedzi
Twoja historia wyników
Nie rozwiązałeś tego quizu